00668nam a22001457a 450000500170000010000750001724501070009226000270019930000090022670000510023594200110028699900170029795201040031495201040041820260629112933.0 aGhullam Murtaza a21-MSM-06aSupervisor - Dr. Kamran Nazir Memon91016 aExact Solution of Tank Drainage for Newtonian and Power Law Fluid Through Rectangular Pipe (Thesis MS) aNawabshahbQUESTc2025 a82p. aDepartment of Mathematics an Statistics 91017 cTHESIS c69075d69072 00104070aRESEARCHbRESEARCHd2026-06-29l0pMP/101-1503r2026-06-29 11:30:01w2026-06-29yTHESIS 00104070aRESEARCHbRESEARCHd2026-06-29l0pMP/101-1504r2026-06-29 11:30:01w2026-06-29yTHESIS